01096nam0a22002291 4500001001100000005001700011021001900028035002600047100004100073101000800114102000700122105001800129200045700147210003200604215001600636320004500652606005200697700005900749801001800808801002200826852001800848rc\457238220250612121932.0 aRUb[62-80275] a(NLR Aleph) 008652216 a20130416d1962 |||y0rusy50 ca0 arus aRU ay z |||||1 aХимия фенольных смолe(Образование, строение и реакции фенольных смол и родственных продуктов)e[Перевод]fГос. ком. Совета Министров СССР по химии. Упр. пластич. масс и синтетич. смол. Науч.-исслед. ин-т пластич. масс. Лаборатория науч.-техн. информации aМоскваcБ. и.d1962 a168 л.d32 aБиблиогр. в конце глав aСмолы фенольныеxХимия2psbo 1aМартинbР.В.f1916-gРоберт Вильям 0aRUbNLRgpsbo 1aRUbELAR2rusmarc aNLRj62-9/253